| 000 | 01179nac a22002651u 4500 | ||
|---|---|---|---|
| 008 | 091007t xxu||||| |||| 00| 0 eng d | ||
| 010 | _a 2005271184 | ||
| 020 | _a0471487376 (alk. paper) | ||
| 020 | _a0471661619 (Wiley international ed. : alk. paper) | ||
| 082 | 0 | 0 |
_a620.106 _bCOR |
| 100 |
_aCrowe, C. T. _98820 |
||
| 245 | 1 | 0 |
_aEngineering fluid mechanics / _cClayton T. Crowe, Donald F. Elger, John A. Roberson. |
| 250 | _a8th ed. | ||
| 260 |
_aHoboken, NJ : _bWiley,2005 _cc2005 |
||
| 300 |
_axii, 656, 20, 12 p. : _bcol. ill. ; _c27 cm. |
||
| 500 | _aRegistration to Web site on 1 leaf in pocket. | ||
| 511 | _acatalogued by: wessam | ||
| 650 | 0 |
_aFluid mechanics. _98821 |
|
| 700 | 1 |
_aElger, D. F. _98822 |
|
| 700 | 1 |
_aRoberson, John A. _98823 |
|
| 856 | 4 | 2 |
_3Publisher description _uhttp://www.loc.gov/catdir/enhancements/fy0626/2005271184-d.html |
| 856 | 4 | 2 |
_3Table of contents only _uhttp://www.loc.gov/catdir/enhancements/fy0626/2005271184-t.html |
| 942 |
_cBB _k620.106COR _2ddc |
||
| 999 |
_c1959 _d1959 |
||